|
|
|
|
| LEADER |
00752nas a2200193 i 4500 |
| 001 |
misc75863 |
| 005 |
20250117083349.0 |
| 008 |
250117s2024 hu o 000 hun d |
| 022 |
|
|
|a 0133-5405
|
| 040 |
|
|
|a SZTE Miscellanea Repozitórium
|b hun
|
| 041 |
|
|
|a hun
|
| 245 |
0 |
0 |
|a Aneszteziológia és intenzív terápia. - 54. évf. (2024) 4. sz.
|h [elektronikus dokumentum]
|
| 260 |
|
|
|a Magyar Anaesthesiológiai és Reanimatios Társaság
|b Budapest
|c 2024
|
| 490 |
0 |
|
|a Aneszteziológia és intenzív terápia
|v 54 No. 4
|
| 650 |
|
4 |
|a Orvos- és egészségtudomány
|
| 650 |
|
4 |
|a Klinikai orvostan
|
| 650 |
|
4 |
|a Aneszteziológia
|
| 695 |
|
|
|a aneszteziológia; folyóirat
|
| 856 |
4 |
0 |
|u http://misc.bibl.u-szeged.hu/75863/1/aneszteziologia_2024_004.pdf
|z Dokumentum-elérés
|